00357nam a2200109Ia 4500008004100000020001800041100002200059245006800081260003700149650001200186856004900198171212s9999 xx 000 0 und d a9781474415477 aBruno De Nicola,  cBruno De Nicola, aWomen in Mongol IranbThe Khatuns, 1206-1335 bEdinburgh University Pressc2017 aHistory uhttp://jstor.org/stable/10.3366/j.ctt1g09twn